Ausgewählte Fabeln (Record no. 238631)
[ view plain ]
| 000 -LEADER | |
|---|---|
| fixed length control field | 01683cam a22002413a 4500 |
| 001 - CONTROL NUMBER | |
| control field | 9375 |
| 003 - CONTROL NUMBER IDENTIFIER | |
| control field | PGUSA |
| 005 - DATE AND TIME OF LATEST TRANSACTION | |
| control field | 20140828083211.0 |
| 008 - FIXED-LENGTH DATA ELEMENTS--GENERAL INFORMATION | |
| fixed length control field | 051101s2005||||xxu|||||s|||||000 | eng d |
| 040 ## - CATALOGING SOURCE | |
| Original cataloging agency | PGUSA |
| Language of cataloging | eng |
| 042 ## - AUTHENTICATION CODE | |
| Authentication code | dc |
| 050 #4 - LIBRARY OF CONGRESS CALL NUMBER | |
| Classification number | PT |
| 100 1# - MAIN ENTRY--PERSONAL NAME | |
| Personal name | Lessing, Gotthold Ephraim, |
| Dates associated with a name | 1729-1781 |
| 245 10 - TITLE STATEMENT | |
| Title | Ausgewählte Fabeln |
| Medium | [electronic resource] / |
| Statement of responsibility, etc | Gotthold Ephraim Lessing |
| 260 ## - PUBLICATION, DISTRIBUTION, ETC. (IMPRINT) | |
| Name of publisher, distributor, etc | Project Gutenberg, |
| Date of publication, distribution, etc | 2005 |
| 505 0# - FORMATTED CONTENTS NOTE | |
| Formatted contents note | Das Geschenk der Feien -- Das Roß und der Stier -- Der Affe und der Fuchs -- Der Besitzer des Bogens -- Der Esel mit dem Löwen -- Der Esel und das Jagdpferd -- Der Esel und der Wolf -- Der Fuchs -- Der Geizige -- Der Hamster und die Ameise -- Der Hirsch -- Der Hirsch und der Fuchs -- Der Knabe und die Schlange -- Der Löwe mit dem Esel -- Der Löwe und der Hase -- Der Pelikan -- Der Phönix -- Der Rabe -- Der Rabe und der Fuchs -- Der Rangstreit der Tiere -- Der Sperling und der Strauß -- Der Strauß -- Der Wolf auf dem Todbette -- Der Wolf und der Schäfer -- Der hungrige Fuchs -- Der junge und der alte Hirsch -- Die Eiche -- Die Eiche und das Schwein -- Die Erscheinung -- Die Eule und der Schatzgräber -- Die Furien -- Die Gans -- Die Geschichte des alten Wolfs -- Die Nachtigall und die Lerche -- Die Pfauen und die Krähe -- Die Schwalbe -- Die Sperlinge -- Die Traube -- Die Wasserschlange -- Die Ziegen -- Die eherne Bildsäule -- Die junge Schwalbe -- Jupiter und das Schaf -- Merops -- Minerva -- Zeus und das Pferd |
| 506 ## - RESTRICTIONS ON ACCESS NOTE | |
| Terms governing access | Public domain in the USA. |
| 516 ## - TYPE OF COMPUTER FILE OR DATA NOTE | |
| Type of computer file or data note | Electronic text |
| 653 ## - INDEX TERM--UNCONTROLLED | |
| Uncontrolled term | Fables |
| 830 #0 - SERIES ADDED ENTRY--UNIFORM TITLE | |
| Uniform title | Project Gutenberg |
| Volume number/sequential designation | 9375 |
| 856 40 - ELECTRONIC LOCATION AND ACCESS | |
| Uniform Resource Identifier | <a href="http://www.gutenberg.org/ebooks/9375">http://www.gutenberg.org/ebooks/9375</a> |
| 942 ## - ADDED ENTRY ELEMENTS (KOHA) | |
| Koha item type | eBooks |
| Withdrawn status | Lost status | Damaged status | Home library | Current library | Date acquired | Total Checkouts | Date last seen | Price effective from | Koha item type |
|---|---|---|---|---|---|---|---|---|---|
| Project Gutenberg | Project Gutenberg | 08/28/2014 | 08/28/2014 | 08/28/2014 | eBooks |